[Event "EU-ch Cities&Town op"]
[Site "Tornelo INT"]
[Date "2023.01.29"]
[Round "?"]
[White "Utrera, Ludovic"]
[Black "Klokas, Konstantinos"]
[Result "0-1"]
[WhiteElo "2045"]
[BlackElo "2069"]
[PlyCount "126"]
[EventDate "2023.01.29"]
[EventType "team-swiss"]
[EventRounds "9"]
[EventCountry "NET"]
[SourceTitle "CBM 212 Extra"]
[Source "ChessBase"]
[SourceDate "2023.03.31"]
[SourceVersion "1"]
[SourceVersionDate "2023.03.31"]
[SourceQuality "1"]
[WhiteTeam "Corsica"]
[BlackTeam "Heraklion"]
[WhiteTeamCountry "FRA"]
[BlackTeamCountry "GRE"]

1. e4 c5 2. Nc3 Nc6 3. Bb5 Nd4 4. Nf3 g6 5. 0-0 Bg7 6. Re1 Nxb5 7. Nxb5 a6 8. Nc3 d6 9. d4 cxd4 10. Nxd4 e5 11. Nf3 Ne7 12. Qd3 Nc6 13. Rd1 Bg4 14. Ne2 Bxf3 15. gxf3 Qh4 16. Be3 0-0 17. Qxd6 Rad8 18. Qc7 Nd4 19. Nxd4 exd4 20. Bf4 Rc8 21. Qd6 Rxc2 22. Bg3 Qh5 23. Kg2 f5 24. Qd5+ Kh8 25. Be5 fxe4 26. Bxg7+ Kxg7 27. Qxd4+ Kh6 28. Qxe4 Qg5+ 29. Kf1 Rxb2 30. Rab1 Rxb1 31. Rxb1 b5 32. Rd1 Qf4 33. Qxf4+ Rxf4 34. Kg2 Ra4 35. Rd2 Kg5 36. Kg3 h5 37. h4+ Kf5 38. Rd5+ Ke6 39. Rd2 Ke5 40. Re2+ Kf5 41. Rc2 Rc4 42. Rd2 Rc5 43. Rd6 a5 44. Ra6 a4 45. Rb6 a3 46. Ra6 b4 47. Rb6 Rc4 48. Rb5+ Kf6 49. Rb6+ Kf5 50. Rb5+ Ke6 51. Rb6+ Kd5 52. Rxg6 Rc2 53. Rb6 Kc4 54. Rc6+ Kd3 55. Rb6 Kc3 56. Rc6+ Kb2 57. Rb6 Rc4 58. Rb5 Kxa2 59. Rxh5 b3 60. Rb5 b2 61. h5 b1Q 62. Rxb1 Kxb1 63. h6 a2 0-1

[Event "Crete-chT"]
[Site "Crete"]
[Date "2018.04.28"]
[Round "6.6"]
[White "Klokas, Konstantinos"]
[Black "Warakomski, Tomasz"]
[Result "1/2-1/2"]
[WhiteElo "2100"]
[BlackElo "2510"]
[PlyCount "77"]
[EventDate "2018.04.09"]
[EventType "team-tourn"]
[EventRounds "7"]
[EventCountry "GRE"]
[SourceTitle "EXT 2019"]
[Source "ChessBase"]
[SourceDate "2018.10.10"]
[SourceVersion "1"]
[SourceVersionDate "2018.10.10"]
[SourceQuality "1"]

1. e4 c5 2. Nf3 Nc6 3. d4 cxd4 4. Nxd4 Nf6 5. Nc3 d6 6. Bc4 e6 7. 0-0 Be7 8. Be3 0-0 9. f4 d5 10. exd5 exd5 11. Be2 Re8 12. Kh1 Bb4 13. Bg1 Bd7 14. Bf3 Bxc3 15. bxc3 Ne4 16. Nb5 Ne7 17. Bxe4 Bxb5 18. Bd3 Qd7 19. Rb1 Bxd3 20. cxd3 b6 21. Qh5 Rac8 22. f5 f6 23. Rb4 Rxc3 24. Rh4 Rxd3 25. Qxh7+ Kf8 26. Rg4 Ng8 27. h4 Re4 28. Rg6 Rc3 29. Bh2 Re7 30. h5 Qc6 31. Bg3 d4 32. Qh8 Qc4 33. Rg1 Rxg3 34. Rxg3 d3 35. h6 gxh6 36. Rxg8+ Qxg8 37. Qxf6+ Qf7 38. Qh8+ Qg8 39. Qf6+ 1/2-1/2

[Event "Heraklion Gazi op 12th"]
[Site "Malevizi"]
[Date "2016.08.02"]
[Round "6"]
[White "Dounis, Alexandros"]
[Black "Klokas, Konstantinos"]
[Result "1-0"]
[WhiteElo "2254"]
[BlackElo "2106"]
[PlyCount "73"]
[EventDate "2016.07.28"]
[EventType "swiss"]
[EventRounds "9"]
[EventCountry "GRE"]
[SourceTitle "CBM 173 Extra"]
[Source "ChessBase"]
[SourceDate "2016.08.29"]
[SourceVersion "1"]
[SourceVersionDate "2016.08.29"]
[SourceQuality "1"]

1. d4 f5 2. Nc3 Nf6 3. Bg5 d5 4. Bxf6 exf6 5. e3 Be6 6. Bd3 Nc6 7. a3 Qd7 8. Nge2 g5 9. Na4 b6 10. Nac3 h5 11. h4 Bd6 12. Nb5 0-0-0 13. Nxd6+ Qxd6 14. g3 Rde8 15. Qd2 f4 16. gxf4 Bg4 17. hxg5 fxg5 18. fxg5 Rhf8 19. f4 Re7 20. Kf2 Nd8 21. Rag1 Rfe8 22. Rg3 Ne6 23. Rxg4 hxg4 24. Bf5 Kb7 25. Rh6 Rf8 26. Qd3 Qd7 27. Ng3 Qe8 28. Nh5 Nxg5 29. fxg5 Rxf5+ 30. Qxf5 Rxe3 31. Qxg4 Re1 32. Qf3 Rc1 33. Qxd5+ c6 34. Qxc6+ Qxc6 35. Rxc6 Kxc6 36. g6 Rxc2+ 37. Kf3 1-0

[Event "Heraklion Gazi op 12th"]
[Site "Malevizi"]
[Date "2016.07.31"]
[Round "4"]
[White "Damianou, Ioannis"]
[Black "Klokas, Konstantinos"]
[Result "0-1"]
[WhiteElo "1774"]
[BlackElo "2106"]
[PlyCount "88"]
[EventDate "2016.07.28"]
[EventType "swiss"]
[EventRounds "9"]
[EventCountry "GRE"]
[SourceTitle "CBM 173 Extra"]
[Source "ChessBase"]
[SourceDate "2016.08.29"]
[SourceVersion "1"]
[SourceVersionDate "2016.08.29"]
[SourceQuality "1"]

1. c4 f5 2. Nf3 Nf6 3. d4 g6 4. e3 Bg7 5. Be2 d6 6. Nc3 Nbd7 7. b3 e5 8. Bb2 e4 9. Nd2 0-0 10. 0-0 Rf7 11. f3 exf3 12. Bxf3 Bh6 13. Re1 Ng4 14. Nf1 Ngf6 15. Qd3 Nf8 16. Nd2 g5 17. g3 Ng6 18. Bg2 c6 19. Rf1 Be6 20. Rae1 d5 21. cxd5 cxd5 22. Nf3 Ne4 23. Ne5 Nxe5 24. dxe5 Bg7 25. Rd1 Rd7 26. Ne2 Qb6 27. Rc1 Rad8 28. Bd4 Qa5 29. Rc2 Rc7 30. Rxc7 Qxc7 31. Rc1 Qb8 32. Qb5 Bxe5 33. Bxe4 fxe4 34. Bxe5 Qxe5 35. Qxb7 Rf8 36. Nd4 Bh3 37. Qb5 Qf6 38. Qe2 a5 39. a4 h6 40. Nb5 Kh8 41. Nc3 Qe5 42. Qh5 Qf5 43. Qe2 d4 44. exd4 e3 0-1

[Event "Rethymno op 6th"]
[Site "Rethymno"]
[Date "2014.07.14"]
[Round "4"]
[White "Narayanan, Srinath"]
[Black "Klokas, Konstantinos"]
[Result "1-0"]
[WhiteElo "2419"]
[BlackElo "2110"]
[PlyCount "77"]
[EventDate "2014.07.12"]
[EventType "swiss"]
[EventRounds "9"]
[EventCountry "GRE"]
[SourceTitle "CBM 161 Extra"]
[Source "ChessBase"]
[SourceDate "2014.08.29"]
[SourceVersion "1"]
[SourceVersionDate "2014.08.29"]
[SourceQuality "1"]

1. e4 c5 2. Nf3 Nc6 3. Bb5 Nf6 4. Bxc6 dxc6 5. d3 Bg4 6. h3 Bh5 7. Nc3 Nd7 8. g4 Bg6 9. Bf4 e6 10. Qd2 Be7 11. 0-0-0 Qb6 12. Bg3 0-0-0 13. Kb1 Rhf8 14. Qe3 h6 15. Nd2 e5 16. f4 f6 17. Nf3 Qc7 18. Nh4 Bh7 19. Nf5 Bxf5 20. gxf5 exf4 21. Bxf4 Bd6 22. Ne2 Ne5 23. Bxe5 fxe5 24. Rhg1 Rf7 25. Rg6 Qa5 26. Qg3 Qc7 27. Rg1 Bf8 28. a3 Re8 29. Qe1 Rd8 30. Qc3 Re8 31. Ng3 Be7 32. Nh5 Bf8 33. Qc4 b5 34. Qb3 Ree7 35. a4 a6 36. axb5 axb5 37. Qa3 Re8 38. Nxg7 Bxg7 39. Rxg7 1-0

[Event "Heraklion Gazi op 9th"]
[Site "Heraklion"]
[Date "2013.07.28"]
[Round "3"]
[White "Antic, Dejan"]
[Black "Klokas, Konstantinos"]
[Result "1-0"]
[WhiteElo "2470"]
[BlackElo "2132"]
[PlyCount "77"]
[EventDate "2013.07.27"]
[EventType "swiss"]
[EventRounds "9"]
[EventCountry "GRE"]
[SourceTitle "CBM 155 Extra"]
[Source "ChessBase"]
[SourceDate "2013.08.26"]
[SourceVersion "1"]
[SourceVersionDate "2013.08.26"]
[SourceQuality "1"]

1. d4 Nf6 2. c4 g6 3. Nc3 Bg7 4. e4 d6 5. Nf3 0-0 6. Be2 e5 7. 0-0 Nc6 8. d5 Ne7 9. b4 Nh5 10. Re1 a5 11. bxa5 f5 12. Nd2 Nf4 13. Bf1 fxe4 14. Ndxe4 Rxa5 15. a4 b6 16. Ba3 Nf5 17. g3 Nh5 18. Bg2 Nd4 19. Bb4 Ra8 20. Nb5 Nxb5 21. cxb5 h6 22. a5 bxa5 23. Bxa5 Rb8 24. b6 Rxb6 25. Bxb6 cxb6 26. Qb3 Bf5 27. Rab1 Bxe4 28. Rxe4 Nf6 29. Rb4 Nd7 30. Qc2 Qf6 31. h4 Kh8 32. Qe2 Qf7 33. R4b3 e4 34. Bxe4 Nc5 35. Rf3 Qe7 36. Rxf8+ Bxf8 37. Bf3 Qxe2 38. Bxe2 Na4 39. Bf3 1-0

[Event "Heraklion op 6th"]
[Site "Heraklion"]
[Date "2010.08.28"]
[Round "8"]
[White "Klokas, Konstantinos"]
[Black "Aggelis, Nikolaos"]
[Result "0-1"]
[WhiteElo "2161"]
[BlackElo "2340"]
[PlyCount "52"]
[EventDate "2010.08.22"]
[EventType "swiss"]
[EventRounds "9"]
[EventCountry "GRE"]
[SourceTitle "CBM 138 Extra"]
[Source "ChessBase"]
[SourceDate "2010.10.29"]
[SourceVersion "1"]
[SourceVersionDate "2010.10.29"]
[SourceQuality "1"]

1. e4 d5 2. exd5 Qxd5 3. Nc3 Qe5+ 4. Be2 c6 5. d4 Qc7 6. Nf3 Bf5 7. Ne5 Nd7 8. Bf4 Nxe5 9. dxe5 Rd8 10. Qc1 e6 11. Qe3 Bb4 12. 0-0 Ne7 13. Bg5 0-0 14. a3 Bxc3 15. Qxc3 Rd5 16. Bf3 Rd7 17. Bxe7 Rxe7 18. Rad1 Rd8 19. Rxd8+ Qxd8 20. Qc5 Rd7 21. Qxa7 Bxc2 22. b4 h6 23. Qc5 Bd1 24. Be4 Be2 25. Re1 Rd1 26. Qc3 Qd4 0-1

[Event "Heraklion op 6th"]
[Site "Heraklion"]
[Date "2010.08.26"]
[Round "6"]
[White "Klokas, Konstantinos"]
[Black "Vrbova, Niki"]
[Result "1-0"]
[WhiteElo "2161"]
[BlackElo "2198"]
[PlyCount "83"]
[EventDate "2010.08.22"]
[EventType "swiss"]
[EventRounds "9"]
[EventCountry "GRE"]
[SourceTitle "CBM 138 Extra"]
[Source "ChessBase"]
[SourceDate "2010.10.29"]
[SourceVersion "1"]
[SourceVersionDate "2010.10.29"]
[SourceQuality "1"]

1. e4 d5 2. exd5 Nf6 3. d4 Nxd5 4. c4 Nb4 5. a3 N4a6 6. Nc3 g6 7. Be3 Bg7 8. Nf3 0-0 9. Qd2 Bg4 10. Be2 c6 11. h3 Bxf3 12. Bxf3 e5 13. dxe5 Qxd2+ 14. Bxd2 Nc5 15. 0-0 Nbd7 16. Be3 Nd3 17. Be2 N7xe5 18. b3 Nb2 19. Rab1 Ned3 20. Na4 Rfd8 21. Nxb2 Nxb2 22. Rfc1 b6 23. Rc2 Nd3 24. Rd2 Nc5 25. Rxd8+ Rxd8 26. Bf3 Rd3 27. b4 Ne6 28. Bxc6 Rxa3 29. Rd1 Be5 30. g3 Rb3 31. b5 Bxg3 32. Rd7 Bf4 33. Bxf4 Nxf4 34. Rxa7 Rxh3 35. c5 bxc5 36. b6 Rb3 37. b7 Ne2+ 38. Kh2 Nd4 39. Bd5 c4 40. Ra8+ Kg7 41. b8Q Rxb8 42. Rxb8 1-0

[Event "Peristeri Papanastasio 1st"]
[Site "Peristeri"]
[Date "2009.09.16"]
[Round "7.1"]
[White "Klokas, Konstantinos"]
[Black "Karagiannis, Athanasios"]
[Result "1/2-1/2"]
[WhiteElo "2155"]
[BlackElo "2339"]
[PlyCount "75"]
[EventDate "2009.09.08"]
[EventType "swiss"]
[EventRounds "7"]
[EventCountry "GRE"]
[SourceTitle "EXT 2024"]
[Source "ChessBase"]
[SourceDate "2023.10.10"]
[SourceVersion "1"]
[SourceVersionDate "2023.10.10"]
[SourceQuality "1"]

1. e4 Nf6 2. e5 Nd5 3. d4 d6 4. Nf3 Bg4 5. Be2 c6 6. c4 Nb6 7. Nbd2 dxe5 8. Nxe5 Bxe2 9. Qxe2 e6 10. 0-0 Be7 11. Ndf3 0-0 12. b3 N8d7 13. Rd1 Nxe5 14. dxe5 Qc7 15. Bg5 Bxg5 16. Nxg5 h6 17. Nf3 Rad8 18. Nd4 Rd7 19. Rd3 Rfd8 20. Rad1 Nc8 21. Nf3 Ne7 22. g3 c5 23. Rxd7 Rxd7 24. Rxd7 Qxd7 25. h4 Nc6 26. Kg2 Nb4 27. a3 Nc6 28. Qe4 a5 29. h5 Qd1 30. Qe3 Nd4 31. Nxd4 cxd4 32. Qf3 Qe1 33. Qxb7 d3 34. Qa8+ Kh7 35. Qf3 d2 36. Qd3+ g6 37. hxg6+ Kg7 38. Qf3 1/2-1/2

[Event "Peristeri Papanastasio 1st"]
[Site "Peristeri"]
[Date "2009.09.15"]
[Round "6.1"]
[White "Klokas, Konstantinos"]
[Black "Dounis, Alexandros"]
[Result "1-0"]
[WhiteElo "2155"]
[BlackElo "2215"]
[PlyCount "171"]
[EventDate "2009.09.08"]
[EventType "swiss"]
[EventRounds "7"]
[EventCountry "GRE"]
[SourceTitle "EXT 2024"]
[Source "ChessBase"]
[SourceDate "2023.10.10"]
[SourceVersion "1"]
[SourceVersionDate "2023.10.10"]
[SourceQuality "1"]

1. e4 e5 2. Nf3 Nc6 3. d4 exd4 4. Nxd4 Nf6 5. Nc3 Bb4 6. Nxc6 bxc6 7. Bd3 d5 8. exd5 cxd5 9. 0-0 0-0 10. Bg5 c6 11. Qf3 Be7 12. Rae1 h6 13. Bxh6 gxh6 14. Qe3 Re8 15. Qxh6 Qd6 16. Qg5+ Kf8 17. Qh6+ Kg8 18. Bh7+ Nxh7 19. Qxd6 Bxd6 20. Rxe8+ Kg7 21. Rd1 Nf6 22. Ree1 Bf5 23. Re2 Rb8 24. b3 Bg4 25. f3 Bc8 26. Na4 Ba6 27. c4 Rh8 28. g3 Bb4 29. Rc2 dxc4 30. bxc4 Re8 31. Nb2 Bc5+ 32. Kg2 Bc8 33. g4 Ba3 34. Rd3 Bf8 35. h3 Ba6 36. h4 Re5 37. Rd8 Ra5 38. Nd3 Ra3 39. Ne5 Re3 40. Nxc6 Bc5 41. Nd4 Kg6 42. Nf5 Ra3 43. Rb8 Ra4 44. Ng3 Ra3 45. g5 Bd6 46. Rb3 Nd7 47. h5+ Kh7 48. Rxa3 Bxa3 49. Rc3 Bb4 50. Rb3 Be7 51. Ne4 Kg7 52. Rc3 Bb7 53. c5 Bxe4 54. fxe4 Nxc5 55. Ra3 Nxe4 56. Re3 Bxg5 57. Rxe4 Bd8 58. Rd4 Bb6 59. Rd5 Kf6 60. Kf3 Bc7 61. Ke4 Kg7 62. a4 Bh2 63. Ra5 Bg1 64. Rb5 Bh2 65. a5 Kh6 66. a6 f6 67. Kf3 Be5 68. Kg4 Bd4 69. Rd5 Be3 70. Rd3 Bc5 71. Kf5 Bf2 72. Rd7 Be3 73. Rd3 Bf2 74. Rh3 Bd4 75. Ke6 Bb2 76. Kd5 f5 77. Ke6 f4 78. Kf5 Bc1 79. Kg4 Be3 80. Rf3 Bd2 81. Rd3 Be3 82. Rd6+ Kh7 83. Kf3 Kg7 84. Rg6+ Kh7 85. Re6 Kg7 86. Rxe3 1-0

[Event "Peristeri Papanastasio 1st"]
[Site "Peristeri"]
[Date "2009.09.11"]
[Round "4.5"]
[White "Savoglou, Nikolaos"]
[Black "Klokas, Konstantinos"]
[Result "0-1"]
[WhiteElo "1950"]
[BlackElo "2155"]
[PlyCount "92"]
[EventDate "2009.09.08"]
[EventType "swiss"]
[EventRounds "7"]
[EventCountry "GRE"]
[SourceTitle "EXT 2024"]
[Source "ChessBase"]
[SourceDate "2023.10.10"]
[SourceVersion "1"]
[SourceVersionDate "2023.10.10"]
[SourceQuality "1"]

1. d4 g6 2. c4 f5 3. g3 Bg7 4. Bg2 Nf6 5. Nc3 d6 6. Nh3 0-0 7. Bg5 c6 8. Qd2 e5 9. d5 c5 10. 0-0 Na6 11. Rae1 Bd7 12. e4 fxe4 13. Bxf6 Qxf6 14. Nxe4 Qe7 15. Qg5 Bf6 16. Nxf6+ Qxf6 17. Qxf6 Rxf6 18. Ng5 Bf5 19. Be4 Nb4 20. a3 Nc2 21. Bxc2 Bxc2 22. Re3 Raf8 23. Ne6 Rb8 24. Rc1 Bf5 25. f4 Bxe6 26. fxe5 dxe5 27. dxe6 Rxe6 28. Rd1 b5 29. b3 bxc4 30. bxc4 Rb2 31. Rd5 Rf6 32. Rexe5 Kg7 33. Re7+ Kh6 34. Rdd7 Rff2 35. Rxh7+ Kg5 36. Rd5+ Kf6 37. Rd6+ Ke5 38. Rd5+ Ke6 39. Rxa7 Rg2+ 40. Kf1 Rbf2+ 41. Ke1 Re2+ 42. Kd1 Ra2 43. Ra6+ Ke7 44. Ra7+ Kf6 45. Rd6+ Kg5 46. Rd5+ Kh6 0-1

[Event "Nikaia op 17th"]
[Site "Nikaia"]
[Date "2009.08.29"]
[Round "9"]
[White "Gogolis, Alexandros"]
[Black "Klokas, Konstantinos"]
[Result "0-1"]
[WhiteElo "2275"]
[BlackElo "2155"]
[PlyCount "146"]
[EventDate "2009.08.22"]
[EventType "swiss"]
[EventRounds "9"]
[EventCountry "GRE"]
[SourceTitle "CBM 132 Extra"]
[Source "ChessBase"]
[SourceDate "2009.11.03"]
[SourceVersion "1"]
[SourceVersionDate "2009.11.03"]
[SourceQuality "1"]

1. d4 g6 2. e4 Bg7 3. c3 d5 4. Nd2 Nf6 5. Bd3 c5 6. e5 Nfd7 7. f4 cxd4 8. cxd4 Nc6 9. Ndf3 Qb6 10. Ne2 Nf8 11. 0-0 Bg4 12. Be3 Ne6 13. Qa4 0-0 14. h3 Bxf3 15. Rxf3 f5 16. Raf1 g5 17. g3 gxf4 18. gxf4 Bh6 19. Qb5 Nb4 20. Nc3 Qxb5 21. Bxb5 Nc2 22. Ne2 Nxe3 23. Rxe3 Kf7 24. Bd3 Rg8+ 25. Kh2 Ng7 26. e6+ Nxe6 27. Bxf5 Nf8 28. Re5 Bg7 29. Re3 h5 30. Rc1 e6 31. Rc7+ Kf6 32. Bd3 Bh6 33. Rg3 Ng6 34. Bxg6 Rxg6 35. Rxg6+ Kxg6 36. Kg3 b5 37. Kf3 a5 38. Rc6 Kf6 39. Ng3 h4 40. Ne2 b4 41. Rc7 a4 42. Rb7 Bf8 43. Nc1 Rc8 44. Nd3 a3 45. Ne5 Be7 46. Ng4+ Kf7 47. Ne5+ Ke8 48. bxa3 Rc3+ 49. Kg4 bxa3 50. f5 Rg3+ 51. Kh5 Rg5+ 52. Kh6 Rxf5 53. Rb8+ Bd8 54. Nc6 Kd7 55. Nxd8 Rf3 56. Ra8 Rf8 57. Ra7+ Kxd8 58. Kg5 Rf3 59. Kxh4 Rd3 60. Kg4 Rxd4+ 61. Kg5 Rd2 62. Rxa3 Ke7 63. h4 Rg2+ 64. Kf4 Kf6 65. Ra8 e5+ 66. Kf3 Rh2 67. Kg4 e4 68. a4 e3 69. Re8 d4 70. Kf3 Rxh4 71. a5 Rh5 72. Ke4 Kf7 73. Rd8 e2 0-1